书目信息 |
| 题名: |
民事诉讼法
|
|
| 作者: | 江伟 主编 | |
| 分册: | ||
| 出版信息: | 上海 复旦大学出版社 2016.08 |
|
| 页数: | 323页 | |
| 开本: | 26cm | |
| 丛书名: | 博学·法学系列 | |
| 单 册: | ||
| 中图分类: | D925.101 | |
| 科图分类: | ||
| 主题词: | 民事诉讼法--中国--高等学校--教材 | |
| 电子资源: | ||
| ISBN: | 978-7-309-12496-5 | |
| 000 | 00969oam2 2200289 450 | |
| 001 | 0100004397 | |
| 005 | 20161017101205.0 | |
| 010 | @a978-7-309-12496-5@dCNY45.00 | |
| 039 | @aA310000SHL@bUCS01002833201 | |
| 100 | @a20161031d2016 em y0chiy50 ea | |
| 101 | 0 | @achi |
| 102 | @aCN@b310000 | |
| 105 | @ay z 000yy | |
| 106 | @ar | |
| 200 | 1 | @a民事诉讼法@Amin shi su song fa@f江伟主编 |
| 205 | @a3版 | |
| 210 | @a上海@c复旦大学出版社@d2016.08 | |
| 215 | @a323页@d26cm | |
| 225 | 2 | @a博学·法学系列 |
| 330 | @a本书是关于民事诉讼正当程序和国家治理的学科,主要内容包括:总论、总则、民事诉讼证据与证明、通常审判程序、特别审判程序、强制执行程序、涉外民事诉讼程序和民事司法协助等。 | |
| 333 | @a法律工作者及研究者,高校法学专业师生 | |
| 410 | 0 | @12001 @a博学·法学系列 |
| 606 | 0 | @a民事诉讼法@y中国@x高等学校@j教材 |
| 690 | @aD925.101@v5 | |
| 701 | 0 | @a江伟@Ajiang wei@4主编 |
| 801 | 0 | @aCN@c201701015 |
| 905 | @a河南城建学院图书馆@dD925.101@eJ443-3=3 | |
| 民事诉讼法/江伟主编.-3版.-上海:复旦大学出版社,2016.08 |
| 323页;26cm.-(博学·法学系列) |
| 使用对象:法律工作者及研究者,高校法学专业师生 |
| ISBN 978-7-309-12496-5:CNY45.00 |
| 本书是关于民事诉讼正当程序和国家治理的学科,主要内容包括:总论、总则、民事诉讼证据与证明、通常审判程序、特别审判程序、强制执行程序、涉外民事诉讼程序和民事司法协助等。 |
| ● |
| 相关链接 |
|
|
|
正题名:民事诉讼法
索取号:D925.101/J443-3=3
 
预约/预借
| 序号 | 登录号 | 条形码 | 馆藏地/架位号 | 状态 | 备注 |
| 1 | 1363626 | 213636261 | 社科库509/509社科库 100排2列2层/ [索取号:D925.101/J443-3=3] | 在馆 | |
| 2 | 1363627 | 213636270 | 社科库509/509社科库 100排2列2层/ [索取号:D925.101/J443-3=3] | 在馆 |